Top 50 Baby Boys' Names by UK Country 2013 Quiz Stats

Quiz not verified by Sporcle

Challenge
Share
Tweet
Embed
Score 0/200 Timer 15:00
0 Plays Today
Country Name % Correct
ScotlandJames
94.8%
ScotlandHarry
94.8%
Northern IrelandJames
94.8%
Northern IrelandHarry
94.8%
EnglandHarry
94.8%
EnglandJames
94.8%
WalesHarry
94.8%
WalesJames
94.8%
ScotlandWilliam
94%
Northern IrelandWilliam
94%
EnglandWilliam
94%
WalesWilliam
94%
ScotlandJack
93.3%
Northern IrelandJack
93.3%
EnglandJack
93.3%
WalesJack
93.3%
WalesJac
92.5%
ScotlandOliver
92.2%
Northern IrelandOliver
92.2%
EnglandOliver
92.2%
WalesOliver
92.2%
ScotlandDaniel
90.7%
ScotlandThomas
90.7%
Northern IrelandDaniel
90.7%
Northern IrelandThomas
90.7%
EnglandThomas
90.7%
EnglandDaniel
90.7%
WalesThomas
90.7%
WalesDaniel
90.7%
ScotlandDavid
89.9%
EnglandDavid
89.9%
EnglandGeorge
89.6%
WalesGeorge
89.6%
Northern IrelandBen
88.4%
ScotlandMatthew
87.3%
ScotlandMichael
87.3%
Northern IrelandMatthew
87.3%
Northern IrelandMichael
87.3%
EnglandMatthew
87.3%
ScotlandJohn
86.6%
Northern IrelandJohn
86.6%
ScotlandSamuel
86.2%
Northern IrelandSamuel
86.2%
EnglandSamuel
86.2%
EnglandBenjamin
86.2%
WalesSamuel
86.2%
WalesBenjamin
86.2%
ScotlandCharlie
85.4%
Northern IrelandCharlie
85.4%
EnglandCharlie
85.4%
WalesCharlie
85.4%
EnglandHenry
85.1%
WalesHenry
85.1%
Northern IrelandAlex
84.7%
ScotlandLuke
84%
Northern IrelandLuke
84%
EnglandLuke
84%
ScotlandJacob
83.6%
Northern IrelandJacob
83.6%
EnglandJacob
83.6%
WalesJacob
83.6%
ScotlandLucas
83.2%
Northern IrelandLucas
83.2%
EnglandLucas
83.2%
WalesLucas
83.2%
ScotlandAdam
82.8%
ScotlandAndrew
82.8%
Country Name % Correct
Northern IrelandAdam
82.8%
EnglandAdam
82.8%
Northern IrelandJoseph
82.5%
EnglandJoseph
82.5%
WalesJoseph
82.5%
ScotlandAlexander
81.7%
ScotlandLiam
81.7%
Northern IrelandAlexander
81.7%
EnglandAlexander
81.7%
WalesAlexander
81.7%
ScotlandJoshua
81.3%
Northern IrelandJoshua
81.3%
EnglandJoshua
81.3%
WalesJoshua
81.3%
ScotlandEthan
80.2%
ScotlandNathan
80.2%
Northern IrelandEthan
80.2%
Northern IrelandNathan
80.2%
EnglandEthan
80.2%
WalesEthan
80.2%
ScotlandRyan
78%
Northern IrelandRyan
78%
EnglandEdward
78%
EnglandRyan
78%
ScotlandAlfie
77.2%
Northern IrelandAlfie
77.2%
EnglandAlfie
77.2%
WalesAlfie
77.2%
ScotlandNoah
76.9%
Northern IrelandNoah
76.9%
EnglandNoah
76.9%
WalesNoah
76.9%
ScotlandLeo
76.5%
Northern IrelandLeo
76.5%
EnglandLeo
76.5%
WalesLeo
76.5%
EnglandZachary
76.1%
WalesZachary
76.1%
ScotlandJamie
75.4%
Northern IrelandJamie
75.4%
ScotlandOscar
74.3%
Northern IrelandOscar
74.3%
EnglandOscar
74.3%
WalesOscar
74.3%
Northern IrelandIsaac
73.5%
EnglandIsaac
73.5%
WalesIsaac
73.5%
ScotlandLewis
73.1%
EnglandLewis
73.1%
WalesLewis
73.1%
ScotlandConnor
72.4%
ScotlandAaron
72%
Northern IrelandAaron
72%
Northern IrelandJake
71.6%
EnglandJake
71.6%
WalesJake
71.6%
ScotlandDylan
70.5%
Northern IrelandDylan
70.5%
EnglandDylan
70.5%
WalesDylan
70.5%
ScotlandTyler
68.7%
EnglandFreddie
68.7%
EnglandTyler
68.7%
WalesTyler
68.7%
Northern IrelandPatrick
67.9%
ScotlandMason
67.5%
ScotlandMax
67.5%
Country Name % Correct
Northern IrelandMason
67.5%
Northern IrelandMax
67.5%
EnglandMax
67.5%
EnglandMason
67.5%
WalesMason
67.5%
WalesMax
67.5%
Northern IrelandSean
66%
EnglandMohammed
66%
ScotlandAiden
65.3%
ScotlandLogan
64.2%
ScotlandKyle
64.2%
Northern IrelandLogan
64.2%
EnglandLogan
64.2%
WalesLogan
64.2%
WalesHarri
64.2%
ScotlandHarrison
63.8%
EnglandHarrison
63.8%
WalesHarrison
63.8%
ScotlandCallum
63.1%
ScotlandRiley
62.7%
Northern IrelandRiley
62.7%
EnglandRiley
62.7%
WalesRiley
62.7%
ScotlandJayden
61.9%
Northern IrelandJayden
61.9%
EnglandJayden
61.9%
WalesJayden
61.9%
ScotlandArchie
61.6%
EnglandArchie
61.6%
WalesArchie
61.6%
EnglandArthur
59.7%
EnglandTheo
59.3%
WalesTheo
59.3%
ScotlandHarris
58.6%
WalesEvan
57.8%
EnglandMuhammad
56.7%
EnglandHarvey
56%
WalesHarvey
56%
Northern IrelandCaleb
55.6%
ScotlandCameron
54.9%
ScotlandKai
53.4%
EnglandFinley
51.9%
WalesFinley
51.9%
ScotlandFinlay
51.1%
Northern IrelandConor
50.7%
EnglandSebastian
50.7%
WalesRhys
49.3%
WalesOllie
49.3%
WalesHarley
45.1%
Northern IrelandFinn
43.3%
ScotlandRory
40.7%
EnglandToby
40.7%
Northern IrelandJude
39.6%
Northern IrelandReuben
35.8%
WalesDexter
32.1%
WalesMorgan
28.4%
WalesJenson
27.6%
Northern IrelandCillian
20.1%
Northern IrelandOisin
19.8%
Northern IrelandDarragh
15.3%
ScotlandBrodie
14.6%
WalesGethin
11.9%
Northern IrelandRonan
11.6%
WalesTomos
11.6%
WalesOsian
7.8%
Northern IrelandShea
5.6%

You're not logged in!

Compare scores with friends on all Sporcle quizzes.
Join for Free
OR
Log In

You Might Also Like...

Show Comments

Extras

Top Quizzes Today


Score Distribution

Your Account Isn't Verified!

In order to create a playlist on Sporcle, you need to verify the email address you used during registration. Go to your Sporcle Settings to finish the process.

Report this User

Report this user for behavior that violates our Community Guidelines.

Details: